Best papers proceedings 1999

Guardat en:
Dades bibliogràfiques
Autors principals: Damacena, Claudio (Autor), Barreiros Fernández, José M (Autor)
Format: Llibre
Idioma:anglès
espanyol
portuguès
Publicat: Sao Leopoldo Unisinos 1999
Matèries:
Etiquetes: Afegir etiqueta
Sense etiquetes, Sigues el primer a etiquetar aquest registre!

MARC

LEADER 00000nam a2200000 a 4500
001 UCO6259
003 CL-VaPUC
005 20240401103526.0
008 001020e19990000bl 1 eng d
041 0 7 |a eng  |2 CL-VaPUC 
041 0 7 |a spa  |2 CL-VaPUC 
041 0 7 |a por  |2 CL-VaPUC 
082 0 4 |a 330.02  |b DAM  |2 21 
100 1 |a Damacena, Claudio  |e author  |9 619799 
700 1 |a Barreiros Fernández, José M  |e author  |9 619800 
245 1 0 |a Best papers proceedings 1999 
260 |a Sao Leopoldo  |b Unisinos  |c 1999 
300 |a 563 p 
583 |a last modification  |c 20001020 00:00:00  |k Rodrigo Vera 
650 0 0 |a Economía   |9 255568 
650 0 0 |a Comercio electrónico  |9 428366 
650 0 0 |a Inversiones  |9 261520 
650 0 0 |a Publicidad  |9 314572 
650 0 0 |a Marketing  |9 259324 
650 0 0 |a Congresos  |9 257560 
942 |c BK 
945 |a rbrito  |d 20001020 00:00:00 
546 |a En Inglés 
546 |a En Español 
546 |a En Portugués 
518 |p International Conference, 8, Sao Leopold, 1999 
999 |c 383592  |d 383590 
952 |0 0  |1 0  |4 0  |6 330_020000000000000_DAM_1999  |7 0  |8 A  |9 505755  |a BIBGIM  |b BIBGIM  |d 2020-01-23  |i 3613070  |o 330.02 DAM 1999  |p 3613070  |r 2025-01-15  |w 2020-01-23  |y BK  |k GIM